00806 2200253 4500001002100000005001700021008004100038020002200079035002500101040001200126082001400138084001600152100003100168245015300199250001100352260002600363300002600389500004600415504003100461650000900492700001900501700002000520850001200540INLIS00000000001224720150909132409.0  a978-979-062-483-2 a0010-091500000000760 aYOPDYOG 223a371.1 a371.1 Ben K aBENTLEY - DAVIES, Caroline aKiat menjadi guru yang mengagumkanc/ Caroline Bentley - Davies ; penerjemah, Benyamin Molan ; penyunting, Bambang Sarwiji ; editor, Bambang Sarwiji aCet. 1 aJakartabIndeksc2015 axii, 278 hlm. ; 23 cm aJudul asli : How to be an amazing teacher aBibliografi : hlm. 277-278 aGuru aBenyamin Molan aBambang Sarwiji aYOPDYOG